000 00748nam a22002057a 4500
005 20251108164200.0
008 250721s1996 xx 000 0 ara d
082 1 4 _a342.0909565/نعي
100 1 _aالنعيمات، سلامه هايل
245 1 0 _aقوانين و أنظمة في الحكم المحلي الأردني في عهد الحسين بن طلال :
_bالمجالس البلديه : المجالس القرويه : مجالس خدمات مشتركه /
264 1 _aعمان :
_c1996.
300 _a409ص.
650 1 7 _aالحكم المحلي
650 1 7 _aالبلديات الريفية
650 1 7 _aالبلديات
650 1 7 _aالأردن
700 1 _aقبعه، إنعام
942 _2ddc
_cBK
999 _c5720
_d5720